Cultures in conflict: social movements and the state in Peru /
Сохранить в:
| Главный автор: | |
|---|---|
| Формат: | Неизвестно |
| Язык: | English |
| Опубликовано: |
Berkeley, Estados Unidos de América :
University of California Press
|
| Метки: |
Добавить метку
Нет меток, Требуется 1-ая метка записи!
|
MARC
| LEADER | 00000 a2200000 04500 | ||
|---|---|---|---|
| 001 | 42890 | ||
| 003 | cru CIDCACS/IIS | ||
| 005 | 20171109133507.0 | ||
| 008 | 050617s1995 -us eng d | ||
| 999 | |c 16157 |d 16157 | ||
| 020 | |a 0-520-20023-3 | ||
| 040 | |c CIDCACS/IIS | ||
| 090 | |a 05.03.04 S874c | ||
| 100 | |a Stokes, Susan C. | ||
| 245 | |a Cultures in conflict: |b social movements and the state in Peru / |c Susan C. Stokes | ||
| 260 | |a Berkeley, Estados Unidos de América : |b University of California Press | ||
| 300 | |a 183 páginas : |b tablas , gráficos | ||
| 942 | |2 ddc |c LI | ||



